UM Logo
Normal view MARC view
  • Political science -- Japan -- History -- 19th century.

Entry Topical Term

Number of records used in: 1

001 - CONTROL NUMBER

  • control field: 37702

003 - CONTROL NUMBER IDENTIFIER

  • control field: OSt

005 - DATE AND TIME OF LATEST TRANSACTION

  • control field: 20190325163548.0

008 - FIXED-LENGTH DATA ELEMENTS

  • fixed length control field: 190325|| aca||aabn | a|a d

040 ## - CATALOGING SOURCE

  • Original cataloging agency: OSt
  • Transcribing agency: OSt

150 ## - HEADING--TOPICAL TERM

  • Topical term or geographic name entry element: Political science -- Japan -- History -- 19th century.

670 ## - SOURCE DATA FOUND

  • Source citation: Work cat.: (OSt): Noble, David . 37700, The quest for civilization :, ©2014.